| 000 | 03555nam a22002417a 4500 | ||
|---|---|---|---|
| 003 | UA-OsUOA | ||
| 005 | 20211013160819.0 | ||
| 008 | 211013b un ||||| |||| 00| 0 ukr d | ||
| 040 |
_aUA-OsUOA _bukr _cUA-OsUOA _dUA-OsUOA |
||
| 041 | _aukr | ||
| 080 | _a94(477):271.2-472:130.122"16/17"(043.3) | ||
| 090 | _a94(477):271.2-472:130.122"16/17"(043.3) | ||
| 095 |
_a07.00.01 _bісторія України |
||
| 100 | _aКагамлик С. Р. | ||
| 245 |
_aУкраїнська православна ієрархія ранньомодерного часу : інтелектуальний та духовний виміри _cКагамлик Світлана Романівна ; наук. керівник Мордвінцев В'ячеслав Михайлович |
||
| 260 |
_aТернопіль _c2021 |
||
| 300 | _a40 с. | ||
| 502 |
_6Автореферат дисертації на здобуття наукового ступеня доктора історичних наук
_cТернопільський національний педагогічний університет імені Володимира Гнатюка _d2021 |
||
| 520 | _aУ роботі на основі комплексного аналізу опублікованих та нововиявлених архівних матеріалів уперше розкрито діяльність українських православних архієреїв ранньомодерного часу в інтелектуальному та духовному вимірах. Досліджено освітні стратегії майбутніх архієреїв; визначено сфери реалізації їхнього інтелектуального потенціалу до архієрейської хіротонії, коло читацьких інтересів та склад приватних книгозбірень. Розкрито мотивацію обрання майбутніми ієрархами сфери духовного служіння, їхнє власне бачення свого архієрейського покликання; реконструйовано ціннісні пріоритети та філософсько-світоглядні орієнтири українських архієреїв. Висвітлено особливості місійної та проповідницької діяльності ієрархів-українців, а також форми і засоби їхньої культурно-просвітницької активності на теренах України і Росії. Проаналізовано епістолярну спадщину архієреїв-українців як засіб інтелектуальної діяльності та вияв функціонування «могилянського інтелектуального простору». Охарактеризовано творчу спадщину українських православних ієрархів та її вплив на культуру народів Європи. Доведено, що українська православна ієрархія, сформована Київською Академією, стала яскравим феноменом в історії України ранньомодерного часу. | ||
| 650 |
_2UDC _a94 Історія загалом |
||
| 942 |
_2udc _cAR |
||
| 955 | _a1 | ||
| 999 |
_c571619 _d571619 |
||